|
|
|
|
| LEADER |
00577 a2200157 4500 |
| 008 |
150103s9999 000 0 eng |
| 020 |
|
|
|a 0195643828
|
| 082 |
|
|
|a 780.9548
|
| 100 |
|
|
|a Pesch, Ludwig
|
| 245 |
|
|
|a The illustrated companion to south indian classical music/
|
| 260 |
|
|
|a New Delhi:
|b Oxford university press,
|c c1999.
|
| 300 |
|
|
|a 376 p.
|
| 650 |
|
|
|a Carnatic Music
|
| 942 |
|
|
|c BK
|
| 999 |
|
|
|c 304184
|d 304184
|
| 952 |
|
|
|0 0
|1 0
|2 ddc
|4 0
|6 780_954800000000000_PES_IL
|7 0
|8 MUSIC
|9 348185
|a DRA
|b DRA
|c ST1
|d 2011-05-31
|i 85M
|l 2
|o 780.9548 PES/IL
|p DRA85M
|r 2015-10-13
|s 2015-07-16
|w 2011-05-31
|y BK
|